Brandwashed (Registro nro. 322781)

Detalles MARC
000 -ENCABEZADO
Número de control [NR] 00925nam a22002297a 4500
005 - FECHA Y HORA DE LA ÚLTIMA TRANSACCIÓN
control field 20260120084409.0
008 - DE LONGITUD FIJA DE DATOS DE ELEMENTOS - INFORMACIÓN GENERAL
Elementos de longitud fija [NR] 230626b ||||| |||| 00| 0 spa d
020 ## - NUMERO INTERNACIONAL NORMALIZADO PARA LIBROS [R]
Número Internacional Normalizado del libro [NR] 9789584535917
040 ## - FUENTE DE CATALOGACION [NR]
Agencia de catalogación original [NR] CO-BoUCM
Quien Cataloga Daniela Zuluaga
Quien Clasifica David Moreno (modificó)
041 ## - CODIGO DE IDIOMA [R]
Código de idioma para texto/pista de sonido o título separado [R] Español
100 ## - ASIENTO PRINCIPAL--NOMBRE PERSONAL [NR]
ID Autoridad 93400
Nombre personal [NR] Lindström, Martin
Fechas asociadas con el nombre [NR] 1970-
245 ## - MENCION DE TITULO [NR]
Título [NR] Brandwashed
Parte restante del título [NR] el lavado de cerebro de las marcas, trucos que usan las compañías para manipular nuestra mente y obligarnos a comprar
Mención de responsabilidad, etc. [NR] Martin Lindstrom ; traducción : Santiago Ochoa
260 ## - PUBLICACION, DISTRIBUCION, ETC. (PIE DE IMPRENTA) [R]
Lugar de publicación, distribución, etc. [R] Bogotá
Nombre del editor, distribuidor, etc. [R] Norma
Fecha de publicación, distribución, etc. [R] 2011
300 ## - DESCRIPCION FISICA [R]
Extensión [R] xvi, 356 páginas
650 #0 - ASIENTO SECUNDARIO DE MATERIA - TERMINO TEMATICO [R]
9 (RLIN) 53476
Término temático o nombre geográfico como elemento de entrada [NR] Neuromercadeo
650 #7 - ASIENTO SECUNDARIO DE MATERIA - TERMINO TEMATICO [R]
9 (RLIN) 11290
Término temático o nombre geográfico como elemento de entrada [NR] Comportamiento del consumidor
650 #7 - ASIENTO SECUNDARIO DE MATERIA - TERMINO TEMATICO [R]
9 (RLIN) 22187
Término temático o nombre geográfico como elemento de entrada [NR] Preferencias de los consumidores
650 #7 - ASIENTO SECUNDARIO DE MATERIA - TERMINO TEMATICO [R]
9 (RLIN) 22820
Término temático o nombre geográfico como elemento de entrada [NR] Psicología del consumidor
700 ## - ASIENTO SECUNDARIO - NOMBRE PERSONAL [R]
9 (RLIN) 133977
Nombre personal [NR] Ochoa, Santiago
Término de relación [R] traductor
942 ## - ELEMENTOS DE ENTRADA AGREGADOS (KOHA)
Sistema de clasificación DEWEY
Tema principal Administración
Tipo de ítem principal el descrito en 300a Libro
Edición 1
Clasificación 658.827
Parte restante de la signatura top. L753
Título oculto en OPAC No
Existencias
Fecha de último préstamo Total préstamos Signatura topográfica Código de barras Última vez visto Ejemplar Costo de reposición Price effective from Tipo de ítem Perdido Sistema de clasificación Dañado No prestable Tipo de ítem específico Suprimido Ubicación habitual Ubicación actual Localización Fecha de creación Forma de adquisición Costo
30/01/2026 2 658.827 L753 100171451 11/03/2026 Ej. 1 50000.00 26/06/2023 Libro   DEWEY     Libro   Sede del emprendimiento y la innovación Sede del Emprendimiento, Innovación y Creación 1er piso 26/06/2023 Compra 50000.00